000 01618nam a2200349Ia 4500
001 ebr10141230
003 CaPaEBR
006 m u
007 cr cn|||||||||
008 040227s2003 ne s 000 0 eng d
020 _z1552500705 (electronic bk.)
040 _aCaPaEBR
_cCaPaEBR
035 _a(OCoLC)560213129
050 1 4 _aRA440.85
_bV37 2003eb
082 0 4 _a362.1/0727
_222
100 1 _aVarkevisser, Corlien M.
245 1 0 _aData analysis and report writing
_h[electronic resource] /
_cCorlien M. Varkevisser, Indra Pathmanathan, Ann Brownlee.
260 _aAmsterdam :
_bKIT Publishers ;
_aOttawa, Ont. :
_bInternational Development Research Centre ;
_aBrazzaville, Congo :
_bWorld Health Organization, Regional Office for Africa,
_cc2003.
300 _axv, 195 p.
490 0 _aDesigning and conducting health system research projects ;
_vv.2
533 _aElectronic reproduction.
_bPalo Alto, Calif. :
_cebrary,
_d2009.
_nAvailable via World Wide Web.
_nAccess may be limited to ebrary affiliated libraries.
650 0 _aMedical care
_xStatistical methods.
650 0 _aReport writing
_xStudy and teaching.
650 0 _aMedical care surveys
_xStudy and teaching.
655 7 _aElectronic books.
_2local
700 1 _aPathmanathan, Indra.
700 1 _aBrownlee, Ann Templeton,
_d1944-
710 2 _aInternational Development Research Centre (Canada)
710 2 _aWorld Health Organization.
_bRegional Office for Africa.
710 2 _aebrary, Inc.
856 4 0 _uhttp://site.ebrary.com/lib/rucke/Doc?id=10141230
_zAn electronic book accessible through the World Wide Web; click to view
999 _c84146
_d84146